Variabilité du taux des lymphocytes CD4 et de la charge virale chez les personnes vivant avec le VIH sous traitement antiretroviral à l'Hôpital Saint Jean de Dieu de Tanguieta (Record no. 48100)
[ view plain ]
| 000 -LEADER | |
|---|---|
| fixed length control field | 00716nam a22001937a 4500 |
| 003 - CONTROL NUMBER IDENTIFIER | |
| control field | 0 |
| 005 - DATE AND TIME OF LATEST TRANSACTION | |
| control field | 20160609165953.0 |
| 008 - FIXED-LENGTH DATA ELEMENTS--GENERAL INFORMATION | |
| fixed length control field | 101109t xxu||||| |||| 00| 0 eng d |
| 040 ## - SOURCE DU CATALOGAGE | |
| Original cataloging agency | BUAC |
| Transcribing agency | BEPAC |
| 100 ## - VEDETTE PRINCIPALE - NOM DE PERSONNE | |
| Personal name | Accoty , A. Arnaud |
| 9 (RLIN) | 10544 |
| 130 ## - VEDETTE PRINCIPALE - TITRE UNIFORME | |
| Language of a work | fr |
| 9 (RLIN) | 10545 |
| 245 ## - TITLE STATEMENT | |
| Title | Variabilité du taux des lymphocytes CD4 et de la charge virale chez les personnes vivant avec le VIH sous traitement antiretroviral à l'Hôpital Saint Jean de Dieu de Tanguieta |
| 260 ## - PUBLICATION, DISTRIBUTION, ETC. (IMPRINT) | |
| Place of publication, distribution, etc | UAC-EPAC |
| Name of publisher, distributor, etc | UAC-EPAC |
| Date of publication, distribution, etc | 2007 |
| 300 ## - PHYSICAL DESCRIPTION | |
| Extent | XXII-83p. |
| 650 ## - SUBJECT ADDED ENTRY--TOPICAL TERM | |
| Topical term or geographic name as entry element | LYMPHOCYTES CD4 |
| Topical term following geographic name as entry element | VIH |
| 9 (RLIN) | 10546 |
| 650 ## - SUBJECT ADDED ENTRY--TOPICAL TERM | |
| Topical term or geographic name as entry element | TRAITEMENT ANTIRETROVIRAL |
| Topical term following geographic name as entry element | L'HÔPITAL SAINT JEAN DE DIEU DE TANGUIETA |
| 9 (RLIN) | 10547 |
| 700 ## - ADDED ENTRY--PERSONAL NAME | |
| Personal name | Ahossouhe , N. Mariane |
| 9 (RLIN) | 10548 |
| 942 ## - ADDED ENTRY ELEMENTS (KOHA) | |
| Koha item type | Thèse et Memoire |
| Withdrawn status | Lost status | Damaged status | Not for loan | Location (home branch) | Sublocation or collection (holding branch) | Date acquired | Source of acquisition | Koha issues (times borrowed) | Koha full call number | Piece designation (barcode) | Koha date last seen | Copy number | Price effective from | Koha item type |
|---|---|---|---|---|---|---|---|---|---|---|---|---|---|---|
| Bibliothèque Ecole Polytechnique d'Abomey-Calavi | Bibliothèque Ecole Polytechnique d'Abomey-Calavi | 09/11/2010 | Dépot légal | 27./ABM/ACC | M16061EPAC | 09/11/2010 | 1 | 09/11/2010 | Thèse et Memoire | |||||
| Bibliothèque Ecole Polytechnique d'Abomey-Calavi | Bibliothèque Ecole Polytechnique d'Abomey-Calavi | 09/11/2010 | Dépot légal | 27./ABM/ACC | M16062EPAC | 09/11/2010 | 2 | 09/11/2010 | Thèse et Memoire | |||||
| Bibliothèque Ecole Polytechnique d'Abomey-Calavi | Bibliothèque Ecole Polytechnique d'Abomey-Calavi | 09/11/2010 | Dépot légal | 27./ABM/ACC | M16063EPAC | 09/11/2010 | 3 | 09/11/2010 | Thèse et Memoire |